000 00745nas a2200265 4500
001 BR2013010940
003 BR-BrBNA
005 20231205123529.0
007 ta
008 230509b bl.|||p| |||| 00| 00por d
040 _aBR-BrBNA
_bpor
_cBiblioteca Nacional de Agricultura
041 _a(Pt)
072 _aL73
100 1 _aBoedec, K.L.
100 1 _aBegon, D.
100 1 _aCheuiche, Z.
245 1 _aCorpo estranho esofágico em um cão
650 _aCÃO
650 _aRADIOGRAFIA
650 _aDIAGNÓSTICO
650 _aDOENÇA RESPIRATÓRIA
773 0 _tA Hora Veterinária (Brazil)
_xISSN 0101-9163
_g(Jul-Aug 2013), v. 33(194) p. 52-55
_wBR2013010940
909 _a202311
_bLúcia
_c55
_dLúcia Elande
942 _2AGRIS
_n0
_cANA
999 _c234381
_d234381